Statistics for Countries by Haiku #1

Click here to take the quiz!

General Stats

  • This quiz has been taken 528 times
  • The average score is 13 of 15

Answer Stats

HaikuCountry% Correct
Maple leaf on flag, owns hundreds of cold islands, northernmost countryCanada
99%
Berets and croissants, eighty six million tourists, hexagonal shapeFrance
99%
Maker of pizza, borders two micronations, resembles a bootItaly
99%
Very populous, one party Communist state, two-child policyChina
98%
Star-Spangled Banner, no official languages, known for HollywoodUnited States
98%
Home to the Kremlin, bicontinental country, extremely corruptRussia
96%
Scandinavian, neutral during World War II, freezing weather thereSweden
96%
Women can now drive, an absolute monarchy, Sunni Muslim stateSaudi Arabia
93%
Christ the Redeemer, Portuguese-speaking country, order and progressBrazil
89%
Two major islands, large Maori population, land of the KiwisNew Zealand
88%
Chewing gum is banned, four official languages, is a city-stateSingapore
88%
Owns Easter Island, country with southermost point, the Andes touch itChile
81%
A secular state, once the Ottoman Empire, split between a straitTurkey
81%
Saharan country, borders country in Europe, claims disputed landMorocco
79%
Big yam producer, colonized by the British, many ethnic groupsNigeria
34%

Score Distribution

Percentile by Number Answered

Percent of People with Each Score

Your Score History

You have not taken this quiz